000 00528nam a2200181Ia 4500
003 GCL
008 140319s9999 xx 000 0 eng d
040 _aGCL /
_cGCL
082 0 4 _a940.28
_bC I
100 1 _aCHARLE, CHRISTOPHIE
245 1 0 _aLES INTELLECTUELS EN EUROPE AU XIX SIECLE: ESSAI D'HISTOIRE COMPAREE /
_cCHARLE, CHRISTOPHIE
260 _a[S.N] :
_bEDITIONS DU SEUIL ،
_c1996
300 _a369 P
650 0 4 _aEUROPE - HISTORY
650 0 4 _aHISTORY
650 0 4 _aEUROPE - HISTORY - 19 CENTURY
942 _2ddc
_cBK
999 _c15500
_d15500